| 000 | 00994nam a2200301 i 4500 | ||
|---|---|---|---|
| 001 | 000046500 | ||
| 003 | DO-SdBNP | ||
| 005 | 20240530073923.0 | ||
| 007 | ta | ||
| 008 | 091021s2015 dr a 000 f spa d | ||
| 020 | _z9789945410785 | ||
| 040 |
_aDO-SdBNP _bspa _cBNPHU |
||
| 082 | 4 |
_aRD863.44 _bM896ca _222 |
|
| 100 | 1 |
_a Moscoso Puello, F. E., _q (Francisco Eujenio) _d1885-1959 _958361 |
|
| 245 | 1 | 0 |
_aCañas y bueyes : _bnovela / _cFrancisco Moscoso Puello. |
| 264 |
_aSanto Domingo : _bLetragráfica, _c2015. |
||
| 300 |
_a196 páginas : _bilustraciones ; _c23 cm. |
||
| 336 |
_2rdacontent _atexto _btxt |
||
| 337 |
_2rdamedia _asin mediación _bn |
||
| 338 |
_2rdacarrier _avolumen _bnc |
||
| 500 | _aIncluye datos biográficos del autor en la contracubierta. | ||
| 500 | _aEdición abreviada | ||
| 590 | _aInventariado, 2023/MFF | ||
| 650 | 0 |
_aNovela dominicana _9223 |
|
| 650 | 0 |
_aLiteratura dominicana. _967 |
|
| 910 | _aValidado. Control de calidad MFF | ||
| 942 |
_2ddc _cLBS1 |
||
| 999 |
_c45989 _d45989 |
||